000 00547nam a22001697a 4500
008 220707b |||||||| |||| 00| 0 eng d
020 _a1452281964
050 _aR853
_b.P48 2016
100 _aPett, Marjorie A.
245 _aNonparametric Statistics for Health Care Research:
_bStatistics for Small Samples and Unusual Distributions
_cMarjorie A. Pett
250 _a2nd ed.
260 _aLos Angeles
_bSage
_c2016
300 _axv, 451p.
650 _aMedicine
_vstatistical methods
650 _aNonparametric statistics
942 _2lcc
_cBK
999 _c19372
_d19371